000 00326 a2200133 4500
000 nam a22 7a 4500
100 _aTiwana, Anil
110 _aTiwana, Anil
245 _aResearch methodology
250 _aLatest edition
260 _bShubham Publication
_c2024
264 _bShubham Publication
_c2024
942 _cBK
999 _c394568
_d394568